Different Types of Dogs - Statistics

General Stats
  • This quiz has been taken 185 times
  • The average score is 12 of 16
Answer Stats
Picture Answer % Correct
Pug
98%
German Shepherd
97%
Dalmation
96%
Golden Retriever
93%
Siberian Husky
93%
Bulldog
88%
Labrador Retriever
87%
Beagle
86%
Poodle
76%
Rottweiler
73%
French Bulldog
71%
Yorkshire Terrier
69%
Collie
49%
Greyhound
35%
Welsh Corgi
26%
German Shorthaired Pointer
25%
No matching quizzes found
Score Distribution
Percent of People with Each Score
Percentile by Number Answered
Your Score History
You have not taken this quiz